| 000 | 00565nam a22002057a 4500 | ||
|---|---|---|---|
| 999 |
_c7649 _d7649 |
||
| 003 | OSt | ||
| 005 | 20220124110854.0 | ||
| 008 | 220124b ||||| |||| 00| 0 eng d | ||
| 020 | _a0632006870 | ||
| 040 | _cNLM | ||
| 082 | _aWY100 L663m 1882 | ||
| 100 |
_aMary, E Scholes: Jane L.Wilson _915642 |
||
| 245 | _aLippincott's Hand book of Nursing Procedures | ||
| 260 |
_aLondon: _bBlackwell; _c1882, |
||
| 300 |
_aviii,371p.: _bill; _c18cm. |
||
| 504 | _aIncludes Index. | ||
| 650 |
_aNurses' Aides _915643 |
||
| 650 |
_aNursing Procedures. _97359 |
||
| 942 |
_2z _cBOOK |
||